00350 a2200121 450000500170000002000220001708200140003910000140005324500610006725000130012826000410014130000460018220250621043457.0 a978-1-292-39749-8 a658.7 BAI aBAILEY, P aProcurement Principles and Management in the Digital Age a12th Ed. aLondonbPearson Education Ltdc2022. axvii,564.; diagrams, figuresbIndexc24cm